Central Library OPAC University of Rajshahi

কালের কলস / (Record no. 48720)

MARC details
000 -LEADER
fixed length control field 00715nam a2200229 a 4500
001 - CONTROL NUMBER
control field 48720
003 - CONTROL NUMBER IDENTIFIER
rucl marc code BD-RjUL
005 - DATE AND TIME OF LATEST TRANSACTION
control field 20211209054556.0
008 - FIXED-LENGTH DATA ELEMENTS--GENERAL INFORMATION
fixed length control field 160816s1966 BG |||| |||| 00| 0 ben d
020 ## - INTERNATIONAL STANDARD BOOK NUMBER
Terms of availability :TK. 3.00
035 ## - SYSTEM CONTROL NUMBER
System control number (BD-RjUL)48839
040 ## - CATALOGING SOURCE
Original cataloging agency BD-RjUL
Language of cataloging ben
Transcribing agency BD-RjUL
041 ## - LANGUAGE CODE
Language code of text/sound track or separate title ben
082 ## - DEWEY DECIMAL CLASSIFICATION NUMBER
Edition number 23
Classification number 891.441
Author mark and year MAK 1966
100 1# - MAIN ENTRY--PERSONAL NAME
Personal name মাহমুদ, আল
9 (RLIN) 147021
245 10 - TITLE STATEMENT
Title কালের কলস /
Statement of responsibility, etc. আল মাহমুদ
260 ## - PUBLICATION, DISTRIBUTION, ETC. (IMPRINT)
Place of publication, distribution, etc. চট্টগ্রাম :
Name of publisher, distributor, etc. বই ঘর,
Date of publication, distribution, etc. ১৯৬৬
300 ## - PHYSICAL DESCRIPTION
Pagination [৮], ৮৪ পৃ ;
Size ১৯ সেমি.
650 ## - SUBJECT ADDED ENTRY--TOPICAL TERM
Topical term or geographic name as entry element বাংলা কবিতা
9 (RLIN) 146440
Topical term or geographic name as entry element Bengali Poetry
9 (RLIN) 146441
942 ## - ADDED ENTRY ELEMENTS (KOHA)
Source of classification or shelving scheme Dewey Decimal Classification
Koha item type Books
Holdings
Lost status Source of classification or shelving scheme Damaged status Not for loan Collection code Permanent Location Current Location Shelving location Date acquired Source of acquisition Cost, normal purchase price Total Checkouts Full call number Date last seen Copy number Koha item type Date checked out
  Dewey Decimal Classification     Non-fiction Central Library, University of Rajshahi Central Library, University of Rajshahi   02/07/1968 Nawroge 3.00   B 891.441 MAK 1966 16/08/2016 C-2 Books  
  Dewey Decimal Classification     Non-fiction Central Library, University of Rajshahi Central Library, University of Rajshahi   02/07/1968 Nawroge 3.00   B 891.441 MAK 1966 16/08/2016 C-3 Books  
  Dewey Decimal Classification     Non-fiction Central Library, University of Rajshahi Central Library, University of Rajshahi   02/07/1968 Nawroge 3.00   B 891.441 MAK 1966 16/08/2016 C-4 Books  
  Dewey Decimal Classification     Non-fiction Central Library, University of Rajshahi Central Library, University of Rajshahi   02/07/1968 Nawroge 3.00 2 B 891.441 MAK 1966 26/08/2025 C-5 Books 26/06/2025
  Dewey Decimal Classification     Non-fiction Central Library, University of Rajshahi Central Library, University of Rajshahi   02/07/1968 Nawroge 3.00   B 891.441 MAK 1966 16/08/2016 C-6 Books  
  Dewey Decimal Classification     Non-fiction Central Library, University of Rajshahi Central Library, University of Rajshahi General Stacks 01/07/1968 NOWROSE KITABISTAN, DHAKA 3.00   B 891.441 MAK 1966 24/08/2022 C-7 Books